Disney - Charakter mit "W" - Statistiken

Allgemein
  • Dieses Quiz wurde 52 mal gespielt
  • Das Durchschnittsergebnis liegt bei 3 aus 12
Antwortstatistiken
Film/ Serie Name % Korrekt
Alles steht Kopf Wut
85%
Peter Pan Wendy Darling
75%
Christopher Robin Winnie Puhh
65%
Toy Story Woody
50%
Baymax Wasabi
8%
Das Dschungelbuch Winifred
5%
Marry Poppins Winifred Banks
5%
The Ultimate Spiderman Whirlwind
3%
Willkommen im Hausder Eulen Willow Park
3%
Ralph reicht's Wynnchel
3%
Toy Story 2 Wheezy
0%
Liebe geht durch den Magen Winston
0%
Keine übereinstimmenden Quizze gefunden
Verteilung der Resultate
Anzahl Personen mit jedem Resultat
Perzentil nach korrekt beantworteten Fragen
Ihre Resultats-Entwicklung
Sie haben dieses Quiz noch nicht gespielt